| 000 | 01132nam a22002417a 4500 | ||
|---|---|---|---|
| 005 | 20240530110513.0 | ||
| 008 | 151221s2013 ua g 000 0 ara d | ||
| 017 |
_a2012/11815 _bمصر . دار الكتب المصرية |
||
| 020 | _a9789773279906 | ||
| 040 | _aEG-CaGPL | ||
| 082 | 0 | 4 |
_221 _a658.4012\ _bح ت |
| 100 | 0 | _aحسن احمد الشافعى | |
| 245 | 1 | 2 |
_aالتخطيط الاستراتيجى للمؤسسات العامة و غير الربحية المؤسسات الرياضية = The Strategic Planning Of Both Of General Non Benefit Institutions Sports Institution / _cحسن احمد الشافعى ، محمد جمال الدين الكلزة |
| 250 | _aط1 | ||
| 260 |
_aالاسكندرية : _bدار الوفاء لدنيا الطباعة و النشر ، _c2013 . |
||
| 300 |
_a256 ص ؛ _c24 سم . |
||
| 650 | 0 | 4 |
_aالادارة _xتحليل نظم |
| 650 | 0 | 4 |
_aالتخطيط _xتنظيم و ادارة |
| 650 | 0 | 4 |
_aالادارة _xتطوير |
| 700 | 0 |
_aمحمد جمال الدين الكلزة _eمؤلف مشارك |
|
| 942 |
_2ddc _cBK |
||
| 999 |
_c61731 _d61731 |
||